000 01777nmc a2200601 a 4500
003 AR-BaBNM
005 20251128204546.0
008 011101s1994 ||||||||||||||000 | spa||
020 _a950-701-248-6
040 _cAR-BaBNM
245 1 0 _aConexiones entre lectura y escritura
_baprendiendo de la investigación
250 _a1ª ed.
260 _aBuenos Aires
_bAique
_c1994
300 0 _a333 p.
_bdiagr.
490 0 _aSerie de la palabra
500 0 _aContiene apéndice
504 _aContiene bibliografía
600 1 4 _aMccarthey, Sarah J.
600 1 4 _aRaphael, Taffy E.
600 1 4 _aLanger, Judith A.
600 1 4 _aLee Spiegel, Dixie
600 1 4 _aFitzgerald, Jill
600 1 4 _aChou Hare, Victoria
600 1 4 _aSulzby, Elizabeth
600 1 4 _aBarnhart, June
600 1 4 _aVacca, Richard T.
600 1 4 _aLinek, Wayne M.
600 1 4 _aSmagorinsky, Peter
600 1 4 _aSpaulding, Cheryl L.
600 1 4 _aShoesmith Timion, Cheryl
600 1 4 _aThrone, M. Joan
600 1 4 _aTierney, Robert J.
650 4 _aCUENTO [FORMA Y GENERO LITERARIO]
650 4 _aINVESTIGACION LINGUISTICA
650 4 _aENSENANZA DE LA LECTURA
650 4 _aENSENANZA DE LA ESCRITURA
650 4 _aPROCESO DE LECTURA
650 4 _aPSICOLINGUISTICA
650 4 _aTECNICAS DE ENSENANZA
650 4 _aALFABETIZACION
650 4 _aBIBLIOTECAS ESCOLARES
650 4 _aACTIVIDADES DE APRENDIZAJE
650 4 _aLITERATURA INFANTIL
650 4 _aTALLERES ESCOLARES
650 4 _aENSENANZA DE LA ORTOGRAFIA
650 4 _aDESTREZAS LINGUISTICAS
650 4 _aTEORIAS DE LA EDUCACION
700 1 _aIrwin, Judith
_ecompilador
700 1 _aDoyle, Mary Anne
_ecompilador
700 1 _aWald, Miguel
_etraductor
942 _cBK
998 _cGrace
999 _c7920
_d7920